000 00379pab a2200157 454500
008 180718b2015 xxu||||| |||| 00| 0 eng d
100 _aBhan, Gautam
245 _aMy name is Suzette Jordan
260 _c2015
300 _ap.26-27.
362 _a28 Mar
650 _aJordan, Suzette
650 _aSexual abuse
773 _aEconomic and Political Weekly
909 _a107443
999 _c107438
_d107438